Ядерные энергетические реакторы. Часть 1: электронный курс

Detalles Bibliográficos
Autor principal: Воробьёв А. В. Александр Владимирович
Autor Corporativo: Национальный исследовательский Томский политехнический университет (ТПУ) Энергетический институт (ЭНИН) Кафедра атомных и тепловых электростанций (АТЭС)
Sumario:Заглавие с экрана
В электронном курсе приводятся сведения о принципе действия и основных узлах ядерных реакторов; разбираются требования, предъявляемые к ним; анализируются конструктивные и теплофизические характеристики различных типов ядерных реакторов; рассматриваются особенности тепловыделения и организация теплоотвода в ядерных реакторах; приводятся сведения о тепловых и гидродинамических процессах в ядерных реакторах; разбираются алгоритмы теплогидравлического расчета ЯР различного типа; рассматриваются основные принципы управление работой ядерных реакторов
Доступ по логину и паролю
Lenguaje:ruso
Publicado: Томск, TPU Moodle, 2017
Materias:
Acceso en línea:https://design.lms.tpu.ru/course/view.php?id=1856
Formato: Electrónico Libro
KOHA link:https://koha.lib.tpu.ru/cgi-bin/koha/opac-detail.pl?biblionumber=666018

MARC

LEADER 00000nlm0a2200000 4500
001 666018
005 20240112152641.0
035 |a (RuTPU)RU\TPU\network\37222 
035 |a RU\TPU\network\37221 
090 |a 666018 
100 |a 20211129d2017 m y0rusy50 ca 
101 0 |a rus 
102 |a RU 
105 |a a j 000zy 
135 |a jrcn ---uucaa 
181 0 |a i  
182 0 |a b 
200 1 |a Ядерные энергетические реакторы. Часть 1  |e электронный курс  |f А. В. Воробьёв  |g Национальный исследовательский Томский политехнический университет (ТПУ), Энергетический институт (ЭНИН), Кафедра атомных и тепловых электростанций (АТЭС) 
203 |a Текст  |c электронный 
210 |a Томск  |c TPU Moodle  |d 2017 
300 |a Заглавие с экрана 
330 |a В электронном курсе приводятся сведения о принципе действия и основных узлах ядерных реакторов; разбираются требования, предъявляемые к ним; анализируются конструктивные и теплофизические характеристики различных типов ядерных реакторов; рассматриваются особенности тепловыделения и организация теплоотвода в ядерных реакторах; приводятся сведения о тепловых и гидродинамических процессах в ядерных реакторах; разбираются алгоритмы теплогидравлического расчета ЯР различного типа; рассматриваются основные принципы управление работой ядерных реакторов 
333 |a Доступ по логину и паролю 
606 1 |a Ядерные реакторы, энергетические  |2 stltpush  |3 (RuTPU)RU\TPU\subj\21729  |9 46681 
610 1 |a электронный ресурс 
610 1 |a труды учёных ТПУ 
610 1 |a электронное обучение 
610 1 |a электронные курсы ТПУ 
610 1 |a электронные учебные пособия 
610 1 |a учебные пособия 
610 1 |a дистанционное образование 
610 1 |a дистанционное обучение 
610 1 |a атомные станции 
610 1 |a ядерные реакторы 
610 1 |a теплофизические характеристики 
610 1 |a конструктивные характеристики 
610 1 |a гидродинамика 
610 1 |a теплообмен 
610 1 |a теплогидравлические расчеты 
610 1 |a контроль 
610 1 |a безопасность 
675 |a 621.039.577(075.8)  |v 4 
700 1 |a Воробьёв  |b А. В.  |c специалист в области энергетики  |c доцент Томского политехнического университета, кандидат технических наук  |f 1949-  |g Александр Владимирович  |3 (RuTPU)RU\TPU\pers\26029  |9 11876 
712 0 2 |a Национальный исследовательский Томский политехнический университет (ТПУ)  |b Энергетический институт (ЭНИН)  |b Кафедра атомных и тепловых электростанций (АТЭС)  |3 (RuTPU)RU\TPU\col\18683 
801 2 |a RU  |b 63413507  |c 20220607  |g RCR 
856 4 |u https://design.lms.tpu.ru/course/view.php?id=1856 
942 |c CF